000 00313nam a22001457a 4500
008 211018b ||||| |||| 00| 0 eng d
020 _a9780072971859
041 _aeng
080 _26th
_a338
082 _a338
100 _a54
101 _aMEN
245 _aEntrepreneurship
_cHisrich,R.D
942 _2udc
_cBK
999 _c58245
_d58245